| 000 | 00666nam a2200277Ia 4500 | ||
|---|---|---|---|
| 001 | Z_3748 | ||
| 003 | CHAP | ||
| 008 | 220113s1983 xx 000 0 und d | ||
| 010 | _a166829 | ||
| 040 | _cCHAP | ||
| 090 | _aFolleto 486 | ||
| 100 |
_aUACH. Departamento de Zootecnia _9137188 |
||
| 245 |
_aEnfermedades más importantes en cunicultura / _cpor UACH |
||
| 260 |
_aChapingo, Méx. : _bUACH. Departamento de Zootecnia, _c1983 |
||
| 300 | _a32 h. | ||
| 440 | _a | ||
| 500 | _a | ||
| 503 | _a | ||
| 650 |
_aConejos _xEnfermedades _926362 |
||
| 901 | _aFolleto 486 | ||
| 902 | _aA | ||
| 910 | _a1983 | ||
| 942 | _cc14 | ||
| 942 | _cc14 | ||
| 999 |
_c166829 _d166829 |
||